| 000 | 00844nam a22002177a 4500 | ||
|---|---|---|---|
| 005 | 20251108175240.0 | ||
| 008 | 250721s2013 xx 000 0 ara d | ||
| 082 | 1 | 4 | _aم/956.02/يما |
| 100 | 1 | _aيماني, أحمد زكي | |
| 245 | 1 | 0 | _aدار السيدة خديجة بنت خويلد رضي الله عنها في مكة المكرمة / |
| 246 | 1 | 1 | _aدراسة تاريخية للدار وموقعها وعمارتها |
| 264 | 1 |
_aمكة المكرمة : _bمؤسسة الفرقان للتراث الإسلامي، _c2013. |
|
| 300 | _a172ص. | ||
| 600 | 0 | 7 | _aخديجة بنت خويلد بن اسد بن عبد العزى (3ق ه ) |
| 650 | 1 | 7 | _aالتاريخ |
| 650 | 1 | 7 | _aالعصر الجاهلي |
| 650 | 1 | 7 | _aعصر صدر الاسلام |
| 650 | 1 | 7 | _aمكة المكرمة |
| 942 |
_2ddc _cREF |
||
| 999 |
_c129695 _d129695 |
||